UM Logo

A scalable filter topology for N-parallel modular three-phase AC–DC converters by an arrangement of coupled inductors / (Record no. 20147)

MARC details
000 -LEADER
fixed length control field 01309nam a22002897a 4500
003 - CONTROL NUMBER IDENTIFIER
control field OSt
005 - DATE AND TIME OF LATEST TRANSACTION
control field 20250904150622.0
008 - FIXED-LENGTH DATA ELEMENTS--GENERAL INFORMATION
fixed length control field 240424b ||||| |||| 00| 0 eng d
040 ## - CATALOGING SOURCE
Transcribing agency 0
082 ## - DEWEY DECIMAL CLASSIFICATION NUMBER
Classification number DPer 621.317 Ie21 November 2022 v. 37 n. 11
100 ## - MAIN ENTRY--PERSONAL NAME
Personal name Ohn, Sungjae.
Relator term author.
9 (RLIN) 56622
245 ## - TITLE STATEMENT
Title A scalable filter topology for N-parallel modular three-phase AC–DC converters by an arrangement of coupled inductors /
Statement of responsibility, etc. Sungjae Ohn, Ripun Phukan, Dong Dong, Rolando Burgos, Dushan Boroyevich, Mondal Gopal, and Sebastian Nielebock.
260 ## - PUBLICATION, DISTRIBUTION, ETC. (IMPRINT)
Place of publication, distribution, etc. New York ;
Name of publisher, distributor, etc. The Institute of Electrical and Electronics Engineers, Inc. ,
Date of publication, distribution, etc. November 2022.
300 ## - PHYSICAL DESCRIPTION
Extent Volume 37, pages 13358-13367 :
Other physical details illustration ;
Dimensions 28 cm.
500 ## - GENERAL NOTE
General note IEEE Transactions on Power Electronics, vol. 37, no. 11, pages 13358-13367, November 2022.
650 #0 - SUBJECT ADDED ENTRY--TOPICAL TERM
Topical term or geographic name as entry element AC–DC converter.
9 (RLIN) 67166
650 #0 - SUBJECT ADDED ENTRY--TOPICAL TERM
Topical term or geographic name as entry element Harmonic analysis.
9 (RLIN) 65745
650 #0 - SUBJECT ADDED ENTRY--TOPICAL TERM
Topical term or geographic name as entry element Coupled inductor (CI).
9 (RLIN) 67185
700 ## - ADDED ENTRY--PERSONAL NAME
Personal name Ohn, Sungjae.
Relator term author.
9 (RLIN) 56622
700 ## - ADDED ENTRY--PERSONAL NAME
Personal name Phukan, Ripun.
Relator term author.
9 (RLIN) 56623
700 ## - ADDED ENTRY--PERSONAL NAME
Personal name Dong, Dong.
Relator term author.
9 (RLIN) 56624
700 ## - ADDED ENTRY--PERSONAL NAME
Personal name Burgos, Rolando.
Relator term author.
9 (RLIN) 56625
700 ## - ADDED ENTRY--PERSONAL NAME
Personal name Boroyevich, Dushan.
Relator term author.
9 (RLIN) 56626
700 ## - ADDED ENTRY--PERSONAL NAME
Personal name Gopal, Mondal.
Relator term author.
9 (RLIN) 56627
700 ## - ADDED ENTRY--PERSONAL NAME
Personal name Nielebock, Sebastian.
Relator term author.
9 (RLIN) 56628
942 ## - ADDED ENTRY ELEMENTS (KOHA)
Source of classification or shelving scheme Dewey Decimal Classification
Koha item type Periodicals
Holdings
Withdrawn status Lost status Source of classification or shelving scheme Damaged status Not for loan Collection code Home library Current library Date acquired Total Checkouts Full call number Date last seen Price effective from Koha item type Public note
    Dewey Decimal Classification     Periodicals UM Digos College - LIC UM Digos College - LIC 04/24/2024   DPer 621.317 Ie21 November 2022 v. 37 n. 11 04/24/2024 04/24/2024 Periodicals Periodical Article